000 00785nam a2200265 a 4500
001 72797
003 BD-RjUL
005 20211209082318.0
008 170523s1986 enka b 001 0 eng d
020 _a0851985548
035 _a(BD-RjUL)73015
040 _aDLC
_cDLC
_dDLC
_dBD-RjUL
_beng
041 _aeng
082 0 0 _223
_a592.57
_bSIT 1986
100 1 _aSiddiqi, Mohammad Rafiq.
_9215315
245 1 0 _aTylenchida :
_bparasites of plants and insects /
_cMohammad Rafiq Siddiqi.
250 _a2nd ed.
260 _aWallingford, Oxon ;
_bCAB Pub.,
_c1986
300 _aix, 645 p. :
_bill. ;
_c26 cm.
504 _aIncludes bibliographical references and index
650 0 _aNematodes
_9215316
650 0 _aTylenchida
_9215317
942 _2ddc
_cBK
999 _c72797
_d72797